[Event "Allauch FRA, 5th Open"]
[Site "Allauch FRA"]
[Date "2023.08.30"]
[Round "4.4"]
[White "Metras, Dominique"]
[Black "Golubka, Petro"]
[Result "1/2-1/2"]
[WhiteElo "1767"]
[BlackElo "2421"]
[WhiteFideId "-1"]
[BlackFideId "-1"]
[PlyCount "67"]
[GameId "2129404705513986"]
[EventDate "2023.08.28"]
[EventType "swiss"]
[EventRounds "9"]
[EventCountry "FRA"]
[SourceTitle "10 Days #735"]
[Source "ChessMix "]
[SourceDate "2023.09.20"]
[SourceVersion "1"]
[SourceVersionDate "2023.09.20"]
[SourceQuality "1"]
[TimeControl "1"]

1. d4 {[%emt 0:00:00]} g6 {[%emt 0:00:00]} 2. c4 {[%emt 0:00:00]} Bg7 {[%emt 0:00:00]} 3. Nc3 {[%emt 0:00:00]} d6 {[%emt 0:00:00]} 4. Nf3 {[%emt 0:00:00]} Nc6 {[%emt 0:00:00]} 5. h3 {[%emt 0:00:00]} f5 {[%emt 0:00:00]} 6. e4 {[%emt 0:00:00]} fxe4 {[%emt 0:00:00]} 7. Nxe4 {[%emt 0:00:00]} Bf5 {[%emt 0:00:00]} 8. Ng3 {[%emt 0:00:00]} Bd7 {[%emt 0:00:00]} 9. Be2 {[%emt 0:00:00]} Nf6 {[%emt 0:00:00]} 10. O-O {[%emt 0:00:00]} O-O {[%emt 0:00:00]} 11. Be3 {[%emt 0:05:35]} a5 {[%emt 0:00:00]} 12. Qd2 {[%emt 0:00:00]} b6 {[%emt 0:00:00]} 13. Bh6 {[%emt 0:00:00]} e6 {[%emt 0:00:00]} 14. Bxg7 {[%emt 0:00:00]} Kxg7 {[%emt 0:00:00]} 15. Rac1 {[%emt 0:00:00]} Rb8 {[%emt 0:00:00]} 16. b3 {[%emt 0:00:00]} Ne7 {[%emt 0:00:00]} 17. c5 {[%emt 0:00:00]} Nfd5 {[%emt 0:00:00]} 18. Ne4 {[%emt 0:00:00]} Nf4 {[%emt 0:00:00]} 19. cxd6 {[%emt 0:00:00]} cxd6 {[%emt 0:00:00]} 20. g3 {[%emt 0:00:00]} Nxe2+ {[%emt 0:00:00]} 21. Qxe2 {[%emt 0:00:05]} Nf5 {[%emt 0:00:00]} 22. Neg5 {[%emt 0:00:00]} Re8 {[%emt 0:00:00]} 23. Rfd1 {[%emt 0:00:00]} Rc8 {[%emt 0:00:00]} 24. g4 {[%emt 0:00:00]} Rxc1 {[%emt 0:00:00]} 25. Rxc1 {[%emt 0:00:00]} Nxd4 {[%emt 0:00:00]} 26. Qb2 {[%emt 0:00:00]} e5 {[%emt 0:00:00]} 27. Nxd4 {[%emt 0:00:00]} Qxg5 {[%emt 0:00:00]} 28. Rc7 {[%emt 0:00:00]} Qd8 {[%emt 0:00:00]} 29. Nb5 {[%emt 0:00:00]} Re7 {[%emt 0:00:00]} 30. Qe2 {[%emt 0:00:00]} d5 {[%emt 0:00:00]} 31. Rb7 {[%emt 0:00:00]} Bxb5 {[%emt 0:00:00]} 32. Qxe5+ {[%emt 0:00:00]} Kf7 {[%emt 0:00:00]} 33. Rxe7+ {[%emt 0:00:18]} Qxe7 {[%emt 0:00:00]} 34. Qxd5+ {[%emt 0:00:00]} 1/2-1/2

[Event "Allauch FRA, 5th Open"]
[Site "Allauch FRA"]
[Date "2023.08.31"]
[Round "6.3"]
[White "Charvein, Gabriel"]
[Black "Golubka, Petro"]
[Result "0-1"]
[WhiteElo "1993"]
[BlackElo "2421"]
[WhiteFideId "-1"]
[BlackFideId "-1"]
[PlyCount "86"]
[GameId "2129404705514001"]
[EventDate "2023.08.28"]
[EventType "swiss"]
[EventRounds "9"]
[EventCountry "FRA"]
[SourceTitle "10 Days #735"]
[Source "ChessMix "]
[SourceDate "2023.09.20"]
[SourceVersion "1"]
[SourceVersionDate "2023.09.20"]
[SourceQuality "1"]
[TimeControl "1"]

1. e4 {[%emt 0:00:00]} c5 {[%emt 0:00:00]} 2. Nf3 {[%emt 0:00:00]} d6 {[%emt 0:00:00]} 3. d4 {[%emt 0:00:00]} cxd4 {[%emt 0:00:00]} 4. Nxd4 {[%emt 0:00:00]} Nf6 {[%emt 0:00:00]} 5. Nc3 {[%emt 0:00:00]} Nc6 {[%emt 0:00:00]} 6. Be3 {[%emt 0:00:00]} e5 {[%emt 0:00:00]} 7. Nb3 {[%emt 0:00:00]} Be6 {[%emt 0:00:00]} 8. Qd2 {[%emt 0:00:00]} a6 {[%emt 0:00:00]} 9. f3 {[%emt 0:00:00]} h5 {[%emt 0:00:00]} 10. Nd5 {[%emt 0:00:00]} Bxd5 {[%emt 0:00:00]} 11. exd5 {[%emt 0:00:00]} Ne7 {[%emt 0:00:00]} 12. c4 {[%emt 0:00:00]} b6 {[%emt 0:00:00]} 13. Bd3 {[%emt 0:00:00]} g6 {[%emt 0:00:00]} 14. h3 {[%emt 0:00:00]} a5 {[%emt 0:00:00]} 15. a4 {[%emt 0:00:00]} Bg7 {[%emt 0:00:00]} 16. Qe2 {[%emt 0:00:00]} h4 {[%emt 0:00:00]} 17. Qf2 {[%emt 0:00:00]} Nd7 {[%emt 0:00:00]} 18. Nd2 {[%emt 0:00:00]} f5 {[%emt 0:00:00]} 19. Qe2 {[%emt 0:00:00]} Bh6 {[%emt 0:00:00]} 20. Bxh6 {[%emt 0:00:00]} Rxh6 {[%emt 0:00:00]} 21. O-O-O {[%emt 0:00:00]} Nc5 {[%emt 0:00:00]} 22. Bc2 {[%emt 0:00:00]} Ng8 {[%emt 0:00:00]} 23. Rdg1 {[%emt 0:00:00]} Qg5 {[%emt 0:00:00]} 24. Rf1 {[%emt 0:00:00]} Qf4 {[%emt 0:00:00]} 25. Re1 {[%emt 0:00:00]} Nf6 {[%emt 0:00:00]} 26. Qe3 {[%emt 0:00:00]} Qxe3 {[%emt 0:00:00]} 27. Rxe3 {[%emt 0:00:00]} Kf7 {[%emt 0:00:00]} 28. b3 {[%emt 0:00:00]} Nh5 {[%emt 0:00:00]} 29. Kd1 {[%emt 0:00:00]} Nf4 {[%emt 0:00:00]} 30. Rg1 {[%emt 0:00:00]} Rh5 {[%emt 0:00:00]} 31. Ke1 {[%emt 0:00:00]} Kf6 {[%emt 0:00:00]} 32. Kf2 {[%emt 0:00:00]} Re8 {[%emt 0:00:00]} 33. Nb1 {[%emt 0:00:00]} Rg5 {[%emt 0:00:00]} 34. Nc3 {[%emt 0:00:00]} Rg3 {[%emt 0:00:00]} 35. Ne2 {[%emt 0:00:00]} Nxe2 {[%emt 0:00:24]} 36. Rxe2 {[%emt 0:00:00]} Na6 {[%emt 0:00:00]} 37. Re3 {[%emt 0:00:00]} Kg5 {[%emt 0:00:00]} 38. Rge1 {[%emt 0:00:00]} Rh8 {[%emt 0:00:00]} 39. Bb1 {[%emt 0:00:00]} Kf4 {[%emt 0:00:00]} 40. Bd3 {[%emt 0:00:00]} Nc5 {[%emt 0:00:00]} 41. Bc2 {[%emt 0:00:00]} Rh5 {[%emt 0:00:00]} 42. Kf1 {[%emt 0:00:00]} e4 {[%emt 0:00:00]} 43. Kf2 {[%emt 0:00:00]} Rhg5 {[%emt 0:00:00]} 0-1

[Event "Allauch FRA, 5th Open"]
[Site "Allauch FRA"]
[Date "2023.08.31"]
[Round "7.2"]
[White "Golubka, Petro"]
[Black "Chaumet, Etienne"]
[Result "1-0"]
[WhiteElo "2421"]
[BlackElo "2075"]
[WhiteFideId "-1"]
[BlackFideId "-1"]
[PlyCount "83"]
[GameId "2129404705514008"]
[EventDate "2023.08.28"]
[EventType "swiss"]
[EventRounds "9"]
[EventCountry "FRA"]
[SourceTitle "10 Days #735"]
[Source "ChessMix "]
[SourceDate "2023.09.20"]
[SourceVersion "1"]
[SourceVersionDate "2023.09.20"]
[SourceQuality "1"]
[TimeControl "1"]

1. e4 {[%emt 0:00:00]} c5 {[%emt 0:00:00]} 2. b3 {[%emt 0:00:00]} d6 {[%emt 0:00:00]} 3. Bb2 {[%emt 0:00:00]} Nf6 {[%emt 0:00:00]} 4. Bb5+ {[%emt 0:00:00]} Bd7 {[%emt 0:00:00]} 5. Qe2 {[%emt 0:00:00]} Nc6 {[%emt 0:00:00]} 6. Nc3 {[%emt 0:00:00]} g6 {[%emt 0:00:00]} 7. f4 {[%emt 0:00:00]} Nd4 {[%emt 0:00:00]} 8. Bxd7+ {[%emt 0:00:00]} Qxd7 {[%emt 0:00:00]} 9. Qd3 {[%emt 0:00:00]} Bg7 {[%emt 0:00:00]} 10. Nf3 {[%emt 0:00:00]} Nxf3+ {[%emt 0:00:00]} 11. Qxf3 {[%emt 0:00:00]} O-O {[%emt 0:00:00]} 12. O-O-O {[%emt 0:00:00]} b5 {[%emt 0:00:00]} 13. h3 {[%emt 0:00:00]} Qb7 {[%emt 0:00:00]} 14. e5 {[%emt 0:00:00]} Qxf3 {[%emt 0:00:00]} 15. gxf3 {[%emt 0:00:00]} b4 {[%emt 0:00:00]} 16. exf6 {[%emt 0:00:00]} bxc3 {[%emt 0:00:00]} 17. Bxc3 {[%emt 0:00:00]} Bxf6 {[%emt 0:00:00]} 18. Bxf6 {[%emt 0:00:00]} exf6 {[%emt 0:00:00]} 19. Rhe1 {[%emt 0:00:00]} Rfe8 {[%emt 0:00:00]} 20. Re3 {[%emt 0:00:00]} Re6 {[%emt 0:00:00]} 21. Rxe6 {[%emt 0:00:00]} fxe6 {[%emt 0:00:00]} 22. d4 {[%emt 0:00:00]} cxd4 {[%emt 0:00:00]} 23. Rxd4 {[%emt 0:00:00]} Rd8 {[%emt 0:00:00]} 24. Kd2 {[%emt 0:00:00]} Kf7 {[%emt 0:00:00]} 25. Ra4 {[%emt 0:00:00]} Rd7 {[%emt 0:00:00]} 26. c4 {[%emt 0:00:00]} g5 {[%emt 0:00:00]} 27. fxg5 {[%emt 0:00:00]} fxg5 {[%emt 0:00:00]} 28. Ra5 {[%emt 0:00:00]} Kg6 {[%emt 0:00:00]} 29. b4 {[%emt 0:00:00]} e5 {[%emt 0:00:00]} 30. a4 {[%emt 0:00:00]} Kh5 {[%emt 0:00:00]} 31. Rd5 {[%emt 0:00:00]} Kh4 {[%emt 0:00:00]} 32. c5 {[%emt 0:00:00]} Kxh3 {[%emt 0:00:00]} 33. Rxd6 {[%emt 0:00:00]} Rc7 {[%emt 0:00:00]} 34. c6 {[%emt 0:00:00]} h5 {[%emt 0:00:00]} 35. b5 {[%emt 0:00:00]} h4 {[%emt 0:00:00]} 36. a5 {[%emt 0:00:00]} Kg2 {[%emt 0:00:00]} 37. b6 {[%emt 0:00:00]} axb6 {[%emt 0:00:00]} 38. axb6 {[%emt 0:00:00]} Rh7 {[%emt 0:00:00]} 39. c7 {[%emt 0:00:00]} h3 {[%emt 0:00:00]} 40. c8=Q {[%emt 0:00:00]} h2 {[%emt 0:00:00]} 41. Ke3 {[%emt 0:00:00]} h1=Q {[%emt 0:00:00]} 42. Qg4+ {[%emt 0:00:00]} 1-0

[Event "Allauch FRA, 5th Open"]
[Site "Allauch FRA"]
[Date "2023.09.01"]
[Round "8.1"]
[White "Golubka, Petro"]
[Black "Petrosyan, Armen"]
[Result "1/2-1/2"]
[WhiteElo "2421"]
[BlackElo "2360"]
[WhiteFideId "-1"]
[BlackFideId "-1"]
[PlyCount "185"]
[GameId "2129404705514015"]
[EventDate "2023.08.28"]
[EventType "swiss"]
[EventRounds "9"]
[EventCountry "FRA"]
[SourceTitle "10 Days #735"]
[Source "ChessMix "]
[SourceDate "2023.09.20"]
[SourceVersion "1"]
[SourceVersionDate "2023.09.20"]
[SourceQuality "1"]
[TimeControl "1"]

1. e4 {[%emt 0:00:00]} c6 {[%emt 0:00:00]} 2. d4 {[%emt 0:00:00]} d5 {[%emt 0:00:00]} 3. e5 {[%emt 0:00:00]} Bf5 {[%emt 0:00:00]} 4. g4 {[%emt 0:00:00]} Be4 {[%emt 0:00:00]} 5. f3 {[%emt 0:00:00]} Bg6 {[%emt 0:00:00]} 6. e6 {[%emt 0:00:00]} fxe6 {[%emt 0:00:00]} 7. h4 {[%emt 0:00:00]} h5 {[%emt 0:00:00]} 8. Bd3 {[%emt 0:00:00]} Bxd3 {[%emt 0:00:00]} 9. Qxd3 {[%emt 0:00:00]} Qd6 {[%emt 0:00:00]} 10. Qg6+ {[%emt 0:00:00]} Kd8 {[%emt 0:00:00]} 11. Bg5 {[%emt 0:00:00]} Nf6 {[%emt 0:00:00]} 12. Ne2 {[%emt 0:00:00]} Nbd7 {[%emt 0:00:00]} 13. Nd2 {[%emt 0:00:00]} e5 {[%emt 0:00:00]} 14. O-O-O {[%emt 0:00:00]} Kc7 {[%emt 0:00:00]} 15. Qf7 {[%emt 0:00:00]} exd4 {[%emt 0:00:00]} 16. f4 {[%emt 0:00:00]} c5 {[%emt 0:00:00]} 17. gxh5 {[%emt 0:00:00]} Ng4 {[%emt 0:00:00]} 18. Ng3 {[%emt 0:00:00]} e6 {[%emt 0:00:00]} 19. Rhe1 {[%emt 0:00:00]} Ne3 {[%emt 0:00:00]} 20. Rxe3 {[%emt 0:00:00]} dxe3 {[%emt 0:00:00]} 21. Nc4 {[%emt 0:00:00]} dxc4 {[%emt 0:00:00]} 22. Rxd6 {[%emt 0:00:00]} Bxd6 {[%emt 0:00:00]} 23. Qxg7 {[%emt 0:00:00]} Rhg8 {[%emt 0:00:00]} 24. Qc3 {[%emt 0:00:00]} Rxg5 {[%emt 0:00:00]} 25. fxg5 {[%emt 0:00:00]} Bxg3 {[%emt 0:00:00]} 26. Qxe3 {[%emt 0:00:00]} Be5 {[%emt 0:00:00]} 27. h6 {[%emt 0:00:00]} Rf8 {[%emt 0:00:00]} 28. Kd1 {[%emt 0:00:00]} Rf1+ {[%emt 0:00:00]} 29. Ke2 {[%emt 0:00:00]} Rh1 {[%emt 0:00:00]} 30. Qe4 {[%emt 0:00:00]} Rh2+ {[%emt 0:00:00]} 31. Kf3 {[%emt 0:00:00]} Rd2 {[%emt 0:00:00]} 32. c3 {[%emt 0:00:00]} Kd6 {[%emt 0:00:00]} 33. Qxb7 {[%emt 0:00:00]} Rh2 {[%emt 0:00:00]} 34. Kg4 {[%emt 0:00:00]} Rf2 {[%emt 0:00:00]} 35. h7 {[%emt 0:00:00]} Rf7 {[%emt 0:00:00]} 36. Qe4 {[%emt 0:00:00]} Bh8 {[%emt 0:00:00]} 37. h5 {[%emt 0:00:00]} Ne5+ {[%emt 0:00:00]} 38. Kg3 {[%emt 0:00:00]} Rf5 {[%emt 0:00:00]} 39. Qa8 {[%emt 0:00:00]} Rxg5+ {[%emt 0:00:00]} 40. Kf4 {[%emt 0:00:00]} Rf5+ {[%emt 0:00:00]} 41. Ke4 {[%emt 0:00:00]} Nf7 {[%emt 0:00:00]} 42. Qxa7 {[%emt 0:00:00]} Re5+ {[%emt 0:00:00]} 43. Kf3 {[%emt 0:00:00]} Rxh5 {[%emt 0:00:00]} 44. Qb8+ {[%emt 0:00:00]} Ke7 {[%emt 0:00:00]} 45. a4 {[%emt 0:00:00]} Rxh7 {[%emt 0:00:00]} 46. a5 {[%emt 0:00:00]} Ne5+ {[%emt 0:00:00]} 47. Kg2 {[%emt 0:00:00]} Rg7+ {[%emt 0:00:00]} 48. Kf1 {[%emt 0:00:00]} Rf7+ {[%emt 0:00:00]} 49. Ke2 {[%emt 0:00:00]} Bg7 {[%emt 0:00:00]} 50. a6 {[%emt 0:00:00]} Nd3 {[%emt 0:00:00]} 51. a7 {[%emt 0:00:00]} Rf2+ {[%emt 0:00:00]} 52. Ke3 {[%emt 0:00:00]} Bh6+ {[%emt 0:00:00]} 53. Ke4 {[%emt 0:00:00]} Rf5 {[%emt 0:00:00]} 54. Qc7+ {[%emt 0:00:00]} Kf6 {[%emt 0:00:00]} 55. Qd8+ {[%emt 0:00:00]} Kf7 {[%emt 0:00:00]} 56. Qh4 {[%emt 0:00:00]} Nf2+ {[%emt 0:00:00]} 57. Qxf2 {[%emt 0:00:00]} Rxf2 {[%emt 0:00:00]} 58. a8=Q {[%emt 0:00:00]} Re2+ {[%emt 0:00:00]} 59. Kf3 {[%emt 0:00:00]} Rxb2 {[%emt 0:00:00]} 60. Qa7+ {[%emt 0:00:00]} Kf6 {[%emt 0:00:00]} 61. Qxc5 {[%emt 0:00:00]} Rc2 {[%emt 0:00:00]} 62. Qd4+ {[%emt 0:00:00]} Kf7 {[%emt 0:00:00]} 63. Qd7+ {[%emt 0:00:00]} Kf6 {[%emt 0:00:00]} 64. Qd8+ {[%emt 0:00:00]} Kf7 {[%emt 0:00:00]} 65. Qc7+ {[%emt 0:00:00]} Kf6 {[%emt 0:00:00]} 66. Qxc4 {[%emt 0:00:00]} Rc1 {[%emt 0:00:00]} 67. Qd4+ {[%emt 0:00:00]} Kf7 {[%emt 0:00:00]} 68. c4 {[%emt 0:00:00]} Rf1+ {[%emt 0:00:00]} 69. Ke2 {[%emt 0:00:00]} Rf5 {[%emt 0:00:00]} 70. Qd7+ {[%emt 0:00:00]} Kf6 {[%emt 0:00:00]} 71. Qd8+ {[%emt 0:00:00]} Kf7 {[%emt 0:00:00]} 72. Qc7+ {[%emt 0:00:00]} Ke8 {[%emt 0:00:00]} 73. c5 {[%emt 0:00:00]} Bf4 {[%emt 0:00:00]} 74. Qc8+ {[%emt 0:00:00]} Ke7 {[%emt 0:00:00]} 75. Kd3 {[%emt 0:00:00]} Rf8 {[%emt 0:00:00]} 76. Qb7+ {[%emt 0:00:00]} Kf6 {[%emt 0:00:00]} 77. Ke4 {[%emt 0:00:00]} Rf7 {[%emt 0:00:00]} 78. Qb6 {[%emt 0:00:00]} Bc7 {[%emt 0:00:00]} 79. Qc6 {[%emt 0:00:00]} Rg7 {[%emt 0:00:00]} 80. Qe8 {[%emt 0:00:00]} Rf7 {[%emt 0:00:00]} 81. Kd3 {[%emt 0:00:00]} Rh7 {[%emt 0:00:00]} 82. Kc4 {[%emt 0:00:00]} Rg7 {[%emt 0:00:00]} 83. Kb5 {[%emt 0:00:00]} Be5 {[%emt 0:00:00]} 84. Qf8+ {[%emt 0:00:00]} Rf7 {[%emt 0:00:00]} 85. Qh6+ {[%emt 0:00:00]} Kf5 {[%emt 0:00:00]} 86. c6 {[%emt 0:00:00]} Bf4 {[%emt 0:00:00]} 87. Qh5+ {[%emt 0:00:00]} Kf6 {[%emt 0:00:00]} 88. Qd1 {[%emt 0:00:00]} Bc7 {[%emt 0:00:00]} 89. Ka6 {[%emt 0:00:00]} Ke5 {[%emt 0:00:00]} 90. Kb7 {[%emt 0:00:00]} Bd6+ {[%emt 0:00:00]} 91. Kb6 {[%emt 0:00:00]} Bc7+ {[%emt 0:00:00]} 92. Kb7 {[%emt 0:00:00]} Bd6+ {[%emt 0:00:00]} 93. Kb6 {[%emt 0:00:00]} 1/2-1/2

[Event "Allauch FRA, 5th Open"]
[Site "Allauch FRA"]
[Date "2023.09.02"]
[Round "9.3"]
[White "Massardo, Quentin"]
[Black "Golubka, Petro"]
[Result "0-1"]
[WhiteElo "1990"]
[BlackElo "2421"]
[WhiteFideId "-1"]
[BlackFideId "-1"]
[PlyCount "60"]
[GameId "2129404705514025"]
[EventDate "2023.08.28"]
[EventType "swiss"]
[EventRounds "9"]
[EventCountry "FRA"]
[SourceTitle "10 Days #735"]
[Source "ChessMix "]
[SourceDate "2023.09.20"]
[SourceVersion "1"]
[SourceVersionDate "2023.09.20"]
[SourceQuality "1"]
[TimeControl "1"]

1. e4 {[%emt 0:00:00]} c5 {[%emt 0:00:00]} 2. Nf3 {[%emt 0:00:00]} d6 {[%emt 0:00:00]} 3. d4 {[%emt 0:00:00]} cxd4 {[%emt 0:00:00]} 4. Qxd4 {[%emt 0:00:00]} a6 {[%emt 0:00:00]} 5. c4 {[%emt 0:00:00]} Nc6 {[%emt 0:00:00]} 6. Qe3 {[%emt 0:00:00]} h5 {[%emt 0:00:00]} 7. Be2 {[%emt 0:00:00]} g6 {[%emt 0:00:00]} 8. O-O {[%emt 0:00:00]} Bh6 {[%emt 0:00:00]} 9. Qc3 {[%emt 0:00:00]} e5 {[%emt 0:00:00]} 10. Bxh6 {[%emt 0:00:00]} Rxh6 {[%emt 0:00:00]} 11. c5 {[%emt 0:00:00]} Bg4 {[%emt 0:00:00]} 12. Rd1 {[%emt 0:00:00]} g5 {[%emt 0:00:00]} 13. Na3 {[%emt 0:00:00]} Bxf3 {[%emt 0:00:00]} 14. Bxf3 {[%emt 0:00:00]} g4 {[%emt 0:00:00]} 15. Be2 {[%emt 0:00:00]} Nd4 {[%emt 0:00:00]} 16. Rxd4 {[%emt 0:00:00]} exd4 {[%emt 0:00:00]} 17. Qxd4 {[%emt 0:00:00]} dxc5 {[%emt 0:00:00]} 18. Qxc5 {[%emt 0:00:00]} Rc8 {[%emt 0:00:00]} 19. Qe3 {[%emt 0:00:00]} b5 {[%emt 0:00:00]} 20. Rd1 {[%emt 0:00:00]} Rd6 {[%emt 0:00:00]} 21. Rxd6 {[%emt 0:00:00]} Qxd6 {[%emt 0:00:00]} 22. h3 {[%emt 0:00:00]} Qc5 {[%emt 0:00:00]} 23. Qxc5 {[%emt 0:00:00]} Rxc5 {[%emt 0:00:00]} 24. hxg4 {[%emt 0:00:00]} hxg4 {[%emt 0:00:00]} 25. Kh2 {[%emt 0:00:00]} Nf6 {[%emt 0:00:00]} 26. Bd3 {[%emt 0:00:00]} Nd7 {[%emt 0:00:00]} 27. Kg3 {[%emt 0:00:00]} Ne5 {[%emt 0:00:00]} 28. Be2 {[%emt 0:00:00]} b4 {[%emt 0:00:00]} 29. Nb1 {[%emt 0:00:00]} Rc2 {[%emt 0:00:00]} 30. Kf4 {[%emt 0:00:00]} Rxe2 {[%emt 0:00:00]} 0-1

[Event "Lignano Bella Italia op 2nd"]
[Site "Lignano Sabbiadoro"]
[Date "2023.08.17"]
[Round "1"]
[White "Saric, Kristina"]
[Black "Golubka, Petro"]
[Result "0-1"]
[WhiteElo "2133"]
[BlackElo "2421"]
[WhiteFideId "-1"]
[BlackFideId "-1"]
[PlyCount "114"]
[GameId "1948541073633280"]
[EventDate "2023.08.17"]
[EventType "swiss"]
[EventRounds "9"]
[EventCountry "ITA"]
[SourceTitle "CBM 216 Extra"]
[Source "ChessBase"]
[SourceDate "2023.11.30"]
[SourceVersion "1"]
[SourceVersionDate "2023.11.30"]
[SourceQuality "1"]

1. e4 c5 2. Nf3 d6 3. d4 Nf6 4. Nc3 cxd4 5. Qxd4 e5 6. Bb5+ Nbd7 7. Qd3 h6 8. Be3 a6 9. Bxd7+ Bxd7 10. h3 b5 11. O-O Be7 12. a4 b4 13. Nd5 Nxd5 14. Qxd5 O-O 15. a5 Qc7 16. Qd2 b3 17. cxb3 Qb7 18. Bb6 Bc6 19. Rfc1 Rfc8 20. Rc4 Bxe4 21. Rac1 Rc6 22. Qe3 Bd5 23. Rxc6 Bxc6 24. Rc4 Rc8 25. Qc1 f6 26. Nh4 d5 27. Rc2 Bd7 28. Ng6 Bd6 29. Rxc8+ Qxc8 30. Qd1 Be6 31. Be3 d4 32. Bd2 Bf7 33. Nh4 g5 34. Nf3 Qb7 35. Qe2 Bxb3 36. Qd3 Kg7 37. Qf5 Bf7 38. b4 Qc6 39. h4 Be7 40. hxg5 hxg5 41. Qg4 Qe6 42. Qe4 Qd5 43. Qxd5 Bxd5 44. Ne1 g4 45. Nd3 Bc4 46. Nc5 f5 47. Nd7 Bd6 48. Nb6 Bb5 49. Nc8 Bc7 50. Ne7 f4 51. Be1 Kf7 52. Nd5 Bd6 53. Nb6 Ke6 54. Bd2 e4 55. Nc8 Bb8 56. Be1 e3 57. Nb6 d3 0-1

[Event "Lignano Sabbiadoro op"]
[Site "Lignano Sabbiadoro ITA"]
[Date "2023.08.18"]
[Round "2.4"]
[White "Golubka, Petro"]
[Black "Leitgeb, Julian"]
[Result "1-0"]
[WhiteElo "2421"]
[BlackElo "2170"]
[WhiteFideId "-1"]
[BlackFideId "-1"]
[PlyCount "47"]
[GameId "2130307555627571"]
[EventDate "2023.08.17"]
[EventType "swiss"]
[EventRounds "9"]
[EventCountry "ITA"]
[SourceTitle "10 Days #733"]
[Source "ChessMix"]
[SourceDate "2023.09.01"]
[SourceVersion "1"]
[SourceVersionDate "2023.09.01"]
[SourceQuality "1"]

1. e4 c5 2. Nf3 e6 3. g3 Nc6 4. Bg2 Nf6 5. Qe2 d5 6. d3 Be7 7. O-O O-O 8. Nbd2 Qc7 9. Re1 Nd7 10. Nf1 d4 11. e5 b5 12. a4 bxa4 13. Rxa4 Nb6 14. Ra1 Bb7 15. N1d2 a5 16. Ne4 Rfd8 17. h4 Nb4 18. Nfg5 c4 19. Qh5 Bxg5 20. Bxg5 Nxc2 21. Bf6 Kf8 22. Nd6 Bxg2 23. Qxh7 gxf6 24. exf6 1-0

[Event "Lignano Sabbiadoro op"]
[Site "Lignano Sabbiadoro ITA"]
[Date "2023.08.18"]
[Round "3.2"]
[White "Araoune, Saadi"]
[Black "Golubka, Petro"]
[Result "0-1"]
[WhiteElo "2082"]
[BlackElo "2421"]
[WhiteFideId "-1"]
[BlackFideId "-1"]
[PlyCount "100"]
[GameId "2130307555627597"]
[EventDate "2023.08.17"]
[EventType "swiss"]
[EventRounds "9"]
[EventCountry "ITA"]
[SourceTitle "10 Days #733"]
[Source "ChessMix"]
[SourceDate "2023.09.01"]
[SourceVersion "1"]
[SourceVersionDate "2023.09.01"]
[SourceQuality "1"]

1. d4 d5 2. c4 dxc4 3. e3 Nf6 4. Bxc4 e6 5. Nf3 c5 6. O-O a6 7. Nbd2 b5 8. Bd3 Bb7 9. a4 b4 10. Qe2 cxd4 11. Nxd4 Nbd7 12. N4f3 Nc5 13. Bc4 Bd6 14. Nb3 Nce4 15. Bd2 h5 16. Rfd1 a5 17. Be1 h4 18. Rac1 h3 19. g3 O-O 20. Bb5 Qb6 21. Nfd2 Rac8 22. f3 Nxd2 23. Nxd2 Bc5 24. Bf2 Bc6 25. Bxc6 Rxc6 26. Nb3 Be7 27. e4 Qc7 28. Qb5 Rc8 29. Bb6 Rxc1 30. Rxc1 Qxc1+ 31. Nxc1 Rxc1+ 32. Kf2 Rc2+ 33. Ke3 Rxh2 34. Bd4 Rc2 35. Qf1 h2 36. Qh3 b3 37. Kd3 Nd7 38. Bc3 Nb6 39. Qh5 Nxa4 40. Kc4 Nc5 41. Qh3 a4 42. Kb4 e5 43. Qc8+ Bf8 44. Qh3 Nd3+ 45. Kxa4 Rxc3 46. Qxh2 Rc2 47. Qg1 Rxb2 48. Qe3 Ra2+ 49. Kb5 b2 50. Qxd3 Ra1 0-1

[Event "Lignano Sabbiadoro op"]
[Site "Lignano Sabbiadoro ITA"]
[Date "2023.08.19"]
[Round "4.1"]
[White "Golubka, Petro"]
[Black "Zaja, Ivan"]
[Result "1-0"]
[WhiteElo "2421"]
[BlackElo "2421"]
[WhiteFideId "-1"]
[BlackFideId "-1"]
[PlyCount "67"]
[GameId "2130307555631721"]
[EventDate "2023.08.17"]
[EventType "swiss"]
[EventRounds "9"]
[EventCountry "ITA"]
[SourceTitle "10 Days #733"]
[Source "ChessMix"]
[SourceDate "2023.09.01"]
[SourceVersion "1"]
[SourceVersionDate "2023.09.01"]
[SourceQuality "1"]

1. d4 Nf6 2. c4 e6 3. Nc3 Bb4 4. f3 c6 5. a3 Ba5 6. e4 d6 7. b4 Bc7 8. Bd3 a5 9. Rb1 axb4 10. axb4 e5 11. dxe5 dxe5 12. Nge2 Nbd7 13. Be3 Nf8 14. O-O Ne6 15. c5 O-O 16. Bc4 b5 17. Bb3 Nf4 18. Nxf4 exf4 19. Bf2 Be5 20. Ne2 Qc7 21. Bd4 Bxd4+ 22. Qxd4 Rd8 23. Qc3 Be6 24. Bxe6 fxe6 25. Rfd1 Kf7 26. Rd6 Rxd6 27. cxd6 Qb6+ 28. Qd4 Qxd4+ 29. Nxd4 e5 30. Nxc6 Ke6 31. Rd1 Rc8 32. Na7 Rc4 33. Nxb5 Rxb4 34. d7 1-0

[Event "Lignano Sabbiadoro op"]
[Site "Lignano Sabbiadoro ITA"]
[Date "2023.08.20"]
[Round "5.1"]
[White "Golubka, Petro"]
[Black "Saric, Ante"]
[Result "1/2-1/2"]
[WhiteElo "2421"]
[BlackElo "2519"]
[WhiteFideId "-1"]
[BlackFideId "-1"]
[PlyCount "39"]
[GameId "2130307555631750"]
[EventDate "2023.08.17"]
[EventType "swiss"]
[EventRounds "9"]
[EventCountry "ITA"]
[SourceTitle "10 Days #733"]
[Source "ChessMix"]
[SourceDate "2023.09.01"]
[SourceVersion "1"]
[SourceVersionDate "2023.09.01"]
[SourceQuality "1"]

1. e4 e5 2. Nf3 Nf6 3. Nxe5 d6 4. Nf3 Nxe4 5. d4 d5 6. Bd3 Bf5 7. O-O Be7 8. Re1 O-O 9. Nbd2 Nd6 10. Nf1 Bxd3 11. Qxd3 c6 12. Bf4 Nd7 13. Ng3 Nf6 14. Re2 Re8 15. Rae1 Bf8 16. Rxe8 Nfxe8 17. h4 Qf6 18. Be5 Qg6 19. Qb3 f6 20. Bf4 1/2-1/2

[Event "Lignano Sabbiadoro op"]
[Site "Lignano Sabbiadoro ITA"]
[Date "2023.08.20"]
[Round "6.1"]
[White "Martinovici, Ilia"]
[Black "Golubka, Petro"]
[Result "1/2-1/2"]
[WhiteElo "2441"]
[BlackElo "2421"]
[WhiteFideId "-1"]
[BlackFideId "-1"]
[PlyCount "86"]
[GameId "2130307555631777"]
[EventDate "2023.08.17"]
[EventType "swiss"]
[EventRounds "9"]
[EventCountry "ITA"]
[SourceTitle "10 Days #733"]
[Source "ChessMix"]
[SourceDate "2023.09.01"]
[SourceVersion "1"]
[SourceVersionDate "2023.09.01"]
[SourceQuality "1"]

1. d4 Nf6 2. c4 g6 3. f3 Bg7 4. e4 d6 5. Nc3 O-O 6. Bg5 h6 7. Be3 c5 8. d5 e6 9. Qd2 exd5 10. cxd5 Nbd7 11. Nh3 a6 12. a4 Rb8 13. Nf2 h5 14. Be2 Ne8 15. O-O Nc7 16. Rab1 b5 17. axb5 Nxb5 18. Bxb5 axb5 19. b4 cxb4 20. Rxb4 Qa5 21. Rfb1 Ba6 22. Ne2 Rfc8 23. Nd4 Ne5 24. Qe1 Qc7 25. Bf4 Rb6 26. Nxb5 Bxb5 27. Rxb5 Rxb5 28. Rxb5 Qc2 29. Rb1 Qa2 30. Rc1 Rb8 31. Qf1 Rb2 32. Rc8+ Kh7 33. Nh3 Bf6 34. Ng5+ Bxg5 35. Bxg5 Nd3 36. h4 Ne1 37. Bf6 Rxg2+ 38. Kh1 g5 39. Rh8+ Kg6 40. hxg5 Rh2+ 41. Kg1 Rg2+ 42. Kh1 Rh2+ 43. Kg1 Rg2+ 1/2-1/2